[Event "Ruzomberok Montana op"]
[Site "Ruzomberok"]
[Date "2017.05.28"]
[Round "1"]
[White "Galbavy, Dusan"]
[Black "Sarkozy, Ladislav"]
[Result "0-1"]
[WhiteElo "1806"]
[BlackElo "2281"]
[PlyCount "94"]
[EventDate "2017.05.28"]
[EventType "swiss"]
[EventRounds "9"]
[EventCountry "SVK"]
[SourceTitle "EXT 2018"]
[Source "ChessBase"]
[SourceDate "2017.10.13"]
[SourceVersion "1"]
[SourceVersionDate "2017.10.13"]
[SourceQuality "1"]

1. e4 c5 2. Nc3 Nc6 3. f4 g6 4. Nf3 Bg7 5. a4 e6 6. Bc4 Nge7 7. Ba2 d5 8. e5 a6 9. d3 Nf5 10. 0-0 h5 11. Bd2 b6 12. Ne2 Bb7 13. c3 d4 14. Qc2 0-0 15. Rad1 Nce7 16. Ng5 Nd5 17. Bxd5 Qxd5 18. Nf3 Rac8 19. c4 Qc6 20. Bc1 b5 21. axb5 axb5 22. b3 bxc4 23. bxc4 Ra8 24. Ng3 Nxg3 25. hxg3 Ra4 26. Rf2 Rfa8 27. Qb3 Rb4 28. Qc2 Qb6 29. Kh2 Ra1 30. Qe2 Rb3 31. Nd2 Rc3 32. Rff1 Rc2 33. g4 hxg4 34. Qxg4 Raxc1 35. Ne4 Bxe4 36. dxe4 Rxd1 37. Rxd1 Rxc4 38. Qe2 Rb4 39. Ra1 Qd8 40. g3 d3 41. Qf3 d2 42. f5 exf5 43. exf5 gxf5 44. Ra8 Rb8 45. Ra1 Qd7 46. Kg2 Bxe5 47. Rh1 Qb7 0-1

[Event "Liptovsky Mikulas Relax op"]
[Site "Liptovsky Mikulas"]
[Date "2016.11.18"]
[Round "7"]
[White "Sarkozy, Ladislav"]
[Black "Andras, Tomas"]
[Result "1-0"]
[WhiteElo "2269"]
[BlackElo "2132"]
[PlyCount "49"]
[EventDate "2016.11.13"]
[EventType "swiss"]
[EventRounds "7"]
[EventCountry "SVK"]
[SourceTitle "CBM 175 Extra"]
[Source "ChessBase"]
[SourceDate "2016.12.12"]
[SourceVersion "1"]
[SourceVersionDate "2016.12.12"]
[SourceQuality "1"]

1. e4 e5 2. Nf3 Nc6 3. d4 exd4 4. Nxd4 Nf6 5. Nxc6 bxc6 6. e5 Qe7 7. Qe2 Nd5 8. c4 Ba6 9. Nd2 g6 10. Nf3 Qb4+ 11. Kd1 Nb6 12. b3 d5 13. exd6+ Kd8 14. Bb2 Rg8 15. Ne5 Kc8 16. Kc2 Qxd6 17. Nxf7 Qd7 18. Ne5 Qf5+ 19. Nd3 Bd6 20. g4 Qf7 21. Re1 Nxc4 22. bxc4 Bxc4 23. Ne5 Bxe5 24. Qxc4 Qxc4+ 25. Bxc4 1-0